00930nam a2200229 a 4500003000200000005001700002008004100019050002800060100001900088245007500107260009300182300004600275504004100321650003600362650003000398650002600428650006100454650002600515942001400541999001700555952012800572020250305135653.0090706s19uu xx 00 eng d aPGS GV 706.4b.K49 2009 aKim, Han Sol . aPerceived effects of sports involvement on self esteem /cHan Sol Kim. aLas Piñas City, Philippines : bSouthville International School and Colleges, c2009. a40 pages : billustrations ; c28 cm.  aIncludes bibliographical references. aSportsvPsychological aspects.  aSelf-esteem in children.  aAthletesvPsychology. aPhysical education and trainingvPsychological aspects.  aStudentsvPsychology. 2lcccPASS c98174d98174 00102lcc40aLUXbLUXcPASSd2009-07-06eDONATIONl0oPGS GV 706.4 .K49 2009pP2271r2014-04-08 00:00:00w2014-04-08yPASS